000 00595nam a22001577a 4500
003 OSt
005 20150916111602.0
008 150916b xxu||||| |||| 00| 0 eng d
040 _cRUA
082 _aAGR MEA 2003 B028 Or.1
100 _9585
_aMEAS, VANNAK.
245 _aRoral development activities of prasak II​in svay rieng province សកម្មភាពអភិវឌ្ឍន៍ជនបទរបស់កម្មវិធីប្រាសាក់ពីរខេត្ដស្វាយរៀង
260 _aPhnom Penh
_bRUA
_c2003
300 _a51p.
_bill.
_c29cm.
942 _2ddc
_cAGR
999 _c563
_d563